[Event "Alta CC-ch"]
[Site "Alta"]
[Date "2015.02.04"]
[Round "4"]
[White "Arild, Steinar"]
[Black "Luostarinen, Asmo"]
[Result "0-1"]
[WhiteElo "1208"]
[BlackElo "1186"]
[PlyCount "126"]
[EventDate "2015.01.14"]
[EventType "swiss"]
[EventRounds "10"]
[EventCountry "NOR"]
[SourceTitle "EXT 2017"]
[Source "ChessBase"]
[SourceDate "2016.10.25"]
[SourceVersion "1"]
[SourceVersionDate "2016.10.25"]
[SourceQuality "1"]

1. e4 e6 2. d4 d5 3. e5 c5 4. c3 Nc6 5. Bb5 Qc7 6. Ne2 Bd7 7. 0-0 a6 8. Bxc6 bxc6 9. f4 cxd4 10. cxd4 Ne7 11. Ng3 c5 12. Be3 cxd4 13. Bxd4 Nf5 14. Nxf5 exf5 15. Nc3 Be6 16. Rc1 Qb7 17. Rc2 Be7 18. Na4 0-0 19. a3 Rac8 20. Rff2 Qb3 21. Nc3 Rc4 22. h3 Rfc8 23. Rcd2 Qxd1+ 24. Rxd1 Bc5 25. Bxc5 R8xc5 26. g3 g6 27. Rfd2 Kf8 28. Kf2 Rc8 29. Ke2 Rd8 30. Nxd5 Bxd5 31. Rxd5 Rc2+ 32. R5d2 Rdc8 33. Rxc2 Rxc2+ 34. Rd2 Rc7 35. h4 Ke7 36. Kd1 f6 37. exf6+ Kxf6 38. Rd6+ Kg7 39. Rxa6 Rc4 40. Kd2 h6 41. b4 g5 42. hxg5 hxg5 43. fxg5 Rg4 44. b5 Rxg3 45. b6 Rb3 46. Ra7+ Kg6 47. b7 Kxg5 48. Ke2 f4 49. a4 Kg4 50. Kf2 Rb2+ 51. Ke1 Kg3 52. Kd1 f3 53. b8Q+ Rxb8 54. Rg7+ Kf2 55. Kc2 Kf1 56. Rf7 f2 57. Kd2 Rb2+ 58. Ke3 Rb3+ 59. Kd2 Ra3 60. Rf4 Kg2 61. Ke2 Ra2+ 62. Ke3 f1Q 63. Rg4+ Kh3 0-1

[Event "Alta Autumn"]
[Site "Alta"]
[Date "2012.09.26"]
[Round "3"]
[White "Mikalsen, Erlend"]
[Black "Arild, Steinar"]
[Result "1-0"]
[WhiteElo "2041"]
[BlackElo "1164"]
[PlyCount "49"]
[EventDate "2012.09.12"]
[EventType "swiss"]
[EventRounds "10"]
[EventCountry "NOR"]
[SourceTitle "EXT 2024"]
[Source "ChessBase"]
[SourceDate "2023.10.10"]
[SourceVersion "1"]
[SourceVersionDate "2023.10.10"]
[SourceQuality "1"]

1. e4 e6 2. d4 d5 3. Nc3 Nf6 4. Bg5 Be7 5. e5 Nfd7 6. Bxe7 Qxe7 7. f4 a6 8. Nf3 c5 9. Bd3 Nc6 10. 0-0 cxd4 11. Ne2 Qc5 12. Kh1 Qb6 13. c3 dxc3 14. bxc3 Nc5 15. Bc2 Qd8 16. f5 exf5 17. Nf4 Ne7 18. Nh5 Ne4 19. Bxe4 fxe4 20. Nxg7+ Kf8 21. Ng5 Kxg7 22. Rxf7+ Kg6 23. Rf6+ Kxg5 24. Qd2+ Kg4 25. Qf4+ 1-0

[Event "Alta ASK CC-ch"]
[Site "Alta"]
[Date "2009.03.24"]
[Round "9"]
[White "Arild, Steinar"]
[Black "Bjerring, Dennis"]
[Result "1-0"]
[WhiteElo "1175"]
[BlackElo "1115"]
[PlyCount "51"]
[EventDate "2009.01.20"]
[EventType "swiss"]
[EventRounds "10"]
[EventCountry "NOR"]
[SourceTitle "EXT 2011"]
[Source "ChessBase"]
[SourceDate "2010.11.26"]
[SourceVersion "1"]
[SourceVersionDate "2010.11.26"]
[SourceQuality "1"]

1. e4 e5 2. Nf3 Nc6 3. Bc4 Be7 4. d3 d6 5. h3 Nf6 6. a3 0-0 7. Nc3 Re8 8. Ng5 Rf8 9. Be3 h6 10. Nf3 a6 11. Qd2 b5 12. Ba2 Na7 13. Bxh6 gxh6 14. Qxh6 Nh7 15. Qg6+ Kh8 16. Bxf7 Bf6 17. h4 Qe7 18. Bd5 Rb8 19. Ng5 Bxg5 20. hxg5 Qg7 21. Qh5 c6 22. Ba2 Bd7 23. g6 d5 24. Qxh7+ Qxh7 25. Rxh7+ Kg8 26. Rxd7 1-0

[Event "Alta ASK CC-ch"]
[Site "Alta"]
[Date "2009.02.10"]
[Round "4"]
[White "Mikalsen, Odd Erling"]
[Black "Arild, Steinar"]
[Result "1-0"]
[WhiteElo "1724"]
[BlackElo "1175"]
[PlyCount "71"]
[EventDate "2009.01.20"]
[EventType "swiss"]
[EventRounds "10"]
[EventCountry "NOR"]
[SourceTitle "EXT 2011"]
[Source "ChessBase"]
[SourceDate "2010.11.26"]
[SourceVersion "1"]
[SourceVersionDate "2010.11.26"]
[SourceQuality "1"]

1. d4 d5 2. c4 e6 3. Nc3 Nf6 4. Bg5 Be7 5. e3 b6 6. Nf3 0-0 7. Bd3 Ba6 8. Ne5 Nfd7 9. h4 Nxe5 10. dxe5 Bxc4 11. Bxc4 dxc4 12. Qf3 Nd7 13. 0-0-0 f6 14. Qc6 Qe8 15. Qxe6+ Kh8 16. Rxd7 fxg5 17. Qxe7 Qxe7 18. Rxe7 Rxf2 19. hxg5 Rxg2 20. Ne4 c3 21. bxc3 Rxa2 22. Rd1 Rf8 23. Rxc7 Ra4 24. Nf6 gxf6 25. Rdd7 Rh4 26. gxf6 Rh6 27. Rxa7 Rh2 28. Rd2 Rh3 29. Kc2 Rc8 30. Rd3 Rh2+ 31. Kb3 Rh1 32. Rdd7 Rh3 33. e6 b5 34. Rac7 Ra8 35. e7 Rxe3 36. Rd8+ 1-0

[Event "Alta ASK CC-ch"]
[Site "Alta"]
[Date "2009.01.27"]
[Round "2"]
[White "Mikalsen, Lars Marius"]
[Black "Arild, Steinar"]
[Result "0-1"]
[WhiteElo "543"]
[BlackElo "1175"]
[PlyCount "40"]
[EventDate "2009.01.20"]
[EventType "swiss"]
[EventRounds "10"]
[EventCountry "NOR"]
[SourceTitle "EXT 2011"]
[Source "ChessBase"]
[SourceDate "2010.11.26"]
[SourceVersion "1"]
[SourceVersionDate "2010.11.26"]
[SourceQuality "1"]

1. e4 e6 2. Nf3 a6 3. Nc3 Bb4 4. Bc4 b5 5. Bb3 Bb7 6. d3 Bxc3+ 7. bxc3 Ne7 8. 0-0 d5 9. c4 dxe4 10. dxe4 Qxd1 11. Rxd1 Bxe4 12. cxb5 Bxf3 13. gxf3 axb5 14. Be3 0-0 15. Bc5 Nbc6 16. Rd7 Rfe8 17. Rxc7 Rac8 18. Bd6 Nf5 19. Rxc8 Rxc8 20. Rd1 Rd8 0-1

[Event "Alta CC-ch"]
[Site "Alta"]
[Date "2008.01.15"]
[Round "1"]
[White "Arild, Steinar"]
[Black "Mikalsen, Odd Erling"]
[Result "0-1"]
[WhiteElo "1195"]
[BlackElo "1725"]
[PlyCount "121"]
[EventDate "2008.01.15"]
[EventType "swiss"]
[EventRounds "10"]
[EventCountry "NOR"]
[SourceTitle "EXT 2024"]
[Source "ChessBase"]
[SourceDate "2023.10.10"]
[SourceVersion "1"]
[SourceVersionDate "2023.10.10"]
[SourceQuality "1"]

1. e4 e6 2. d4 d5 3. exd5 exd5 4. Nf3 Bg4 5. Be2 c6 6. c3 Nd7 7. Nbd2 f6 8. h3 Bh5 9. Nh4 Bf7 10. Nf5 Qc7 11. Nf3 g6 12. Ne3 0-0-0 13. Qc2 Re8 14. Bd2 h5 15. h4 Nh6 16. 0-0-0 Ng4 17. Rdf1 Bd6 18. Bd3 Bf4 19. Nxg4 hxg4 20. Bxf4 Qxf4+ 21. Nd2 Qh6 22. g3 f5 23. Qd1 Nf6 24. f3 gxf3 25. Rxf3 Ne4 26. Kc2 Re7 27. Rhf1 Qh7 28. Re1 Rhe8 29. Bxe4 dxe4 30. Rfe3 Qg8 31. b3 a5 32. g4 Qh7 33. h5 gxh5 34. gxf5 Qxf5 35. Qe2 h4 36. Kb2 Bg6 37. Nc4 Qf4 38. Rf1 Qc7 39. Qg4+ Re6 40. Ne5 Qh7 41. Nxg6 Qxg6 42. Qxh4 Kb8 43. Qh2+ Ka7 44. Qf4 a4 45. Rf2 Kb6 46. Qf5 Qg1 47. Qc5+ Ka6 48. Rfe2 axb3 49. axb3 b6 50. Qc4+ Kb7 51. d5 Ra8 52. dxc6+ Rxc6 53. Qf7+ Ka6 54. Rxe4 b5 55. Re6 Rac8 56. Rxc6+ Rxc6 57. Qe8 Kb6 58. Qb8+ Ka6 59. Qa8+ Kb6 60. b4 Kc7 61. Qa7+ 0-1

[Event "Alta ASK CC-ch"]
[Site "Alta"]
[Date "2007.04.10"]
[Round "8"]
[White "Arild, Steinar"]
[Black "Mikalsen, Erlend"]
[Result "1/2-1/2"]
[WhiteElo "1162"]
[BlackElo "1330"]
[PlyCount "103"]
[EventDate "2007.01.16"]
[EventType "swiss"]
[EventRounds "10"]
[EventCountry "NOR"]
[SourceTitle "EXT 2008"]
[Source "ChessBase"]
[SourceDate "2007.11.25"]
[SourceVersion "1"]
[SourceVersionDate "2007.11.25"]
[SourceQuality "1"]

1. e4 c5 2. Bc4 e6 3. Nc3 Nc6 4. Nf3 Nge7 5. d3 a6 6. a3 g6 7. Be3 d5 8. exd5 exd5 9. Bxc5 dxc4 10. dxc4 Qxd1+ 11. Rxd1 Nf5 12. Bxf8 Kxf8 13. 0-0 Be6 14. b3 Kg7 15. Ng5 Rhd8 16. Rde1 Ncd4 17. a4 h6 18. Nxe6+ Nxe6 19. Nd5 Nfd4 20. Ne3 Nf4 21. Kh1 b5 22. cxb5 axb5 23. axb5 Nxb5 24. g3 Ne6 25. Rb1 Ra2 26. c4 Nc3 27. Rbc1 Ne4 28. f4 Nd2 29. Rf2 Nxb3 30. Rxa2 Nxc1 31. Rc2 Nb3 32. Rc3 Nec5 33. Nd5 Ra8 34. Rc2 Ra1+ 35. Kg2 Rc1 36. Rxc1 Nxc1 37. Kf3 N1b3 38. Ke3 g5 39. h3 Kg6 40. g4 Nc1 41. f5+ Kg7 42. Kd4 N1d3 43. Nb4 Nxb4 44. Kxc5 Nc2 45. Kd6 Kf6 46. c5 Nb4 47. c6 Nxc6 48. Kxc6 Ke7 49. Kd5 f6 50. Ke4 Kd6 51. Kd4 Kc6 52. Kc4 1/2-1/2

[Event "Alta ASK CC-ch"]
[Site "Alta"]
[Date "2007.02.06"]
[Round "3"]
[White "Bjerring, Dennis"]
[Black "Arild, Steinar"]
[Result "1-0"]
[WhiteElo "845"]
[BlackElo "1162"]
[PlyCount "85"]
[EventDate "2007.01.16"]
[EventType "swiss"]
[EventRounds "10"]
[EventCountry "NOR"]
[SourceTitle "EXT 2008"]
[Source "ChessBase"]
[SourceDate "2007.11.25"]
[SourceVersion "1"]
[SourceVersionDate "2007.11.25"]
[SourceQuality "1"]

1. d4 d5 2. c4 e6 3. Nc3 Bb4 4. Bd2 c5 5. e3 cxd4 6. exd4 dxc4 7. Nf3 Bxc3 8. Bxc3 b5 9. b3 Qd5 10. bxc4 bxc4 11. Qa4+ Bd7 12. Qxc4 Ne7 13. Bd3 0-0 14. 0-0 Rc8 15. Qxd5 Nxd5 16. Bd2 Bc6 17. Ne5 Ba4 18. Rfc1 Nc6 19. Nxc6 Bxc6 20. Ba6 Ne7 21. Bxc8 Rxc8 22. Rc2 Rd8 23. Bb4 Bb7 24. Bxe7 Rxd4 25. Rac1 h6 26. h3 Kh7 27. Rc7 Bd5 28. Rxa7 Rd2 29. a4 Ra2 30. a5 e5 31. Rc5 Be6 32. Rxe5 Ra4 33. a6 Ra1+ 34. Kh2 Ra2 35. Bc5 Kg6 36. Be3 Bc4 37. Rc5 Be6 38. Rc6 Kf5 39. Rac7 g5 40. a7 Bd5 41. Rc5 Ke6 42. Rxd5 Kxd5 43. Rc8 1-0

[Event "Alta ASK CC-ch"]
[Site "Alta"]
[Date "2007.01.23"]
[Round "2"]
[White "Arild, Steinar"]
[Black "Rist, Karl Johan"]
[Result "0-1"]
[WhiteElo "1162"]
[BlackElo "1243"]
[PlyCount "74"]
[EventDate "2007.01.16"]
[EventType "swiss"]
[EventRounds "10"]
[EventCountry "NOR"]
[SourceTitle "EXT 2008"]
[Source "ChessBase"]
[SourceDate "2007.11.25"]
[SourceVersion "1"]
[SourceVersionDate "2007.11.25"]
[SourceQuality "1"]

1. e4 e6 2. d4 d5 3. exd5 exd5 4. Nf3 Nf6 5. h3 Bd6 6. Nc3 c6 7. Qe2+ Be6 8. Ne5 Qb6 9. Qd3 Nbd7 10. f4 Bb4 11. Be3 Ne4 12. Be2 Ng3 13. Rg1 Nf6 14. Bd2 Bxc3 15. Bxc3 Nge4 16. Rf1 Bf5 17. g4 Nxc3 18. Qxc3 Be4 19. Rg1 Qc7 20. 0-0-0 0-0-0 21. Rdf1 Kb8 22. g5 Ne8 23. Rg3 Nd6 24. Qb3 Nf5 25. Rc3 Nxd4 26. Nxc6+ Qxc6 27. Rxc6 Nxb3+ 28. axb3 bxc6 29. Bg4 g6 30. Rg1 Rd6 31. Rg3 Rhd8 32. Re3 Bf5 33. Bxf5 gxf5 34. Re7 R6d7 35. Re5 d4 36. Rxf5 Re8 37. Kd2 Re3 0-1

[Event "Alta ASK op"]
[Site "Alta"]
[Date "2006.10.10"]
[Round "6"]
[White "Luostarinen, Asmo"]
[Black "Arild, Steinar"]
[Result "0-1"]
[WhiteElo "982"]
[BlackElo "1149"]
[PlyCount "98"]
[EventDate "2006.09.05"]
[EventType "swiss"]
[EventRounds "10"]
[EventCountry "NOR"]
[SourceTitle "EXT 2008"]
[Source "ChessBase"]
[SourceDate "2007.11.25"]
[SourceVersion "1"]
[SourceVersionDate "2007.11.25"]
[SourceQuality "1"]

1. e4 e6 2. Nf3 d5 3. exd5 exd5 4. d4 Nc6 5. Be2 Nf6 6. 0-0 Bf5 7. Re1 Be7 8. h3 0-0 9. Nbd2 Nb4 10. Bd3 Bxd3 11. cxd3 Nxd3 12. Re2 Nf4 13. Re3 Qd7 14. Ne5 Qc8 15. Qf3 Ne6 16. Nb3 Ng5 17. Qe2 Nfe4 18. Rd3 f6 19. Bxg5 fxg5 20. f3 Ng3 21. Qe1 Nh5 22. Re3 Bd6 23. Rc1 c6 24. Rc2 Nf4 25. Nc5 Bxc5 26. Rxc5 Ne6 27. Ng6 Re8 28. Rxe6 Qxe6 29. Ne5 Rac8 30. Rc2 Qd6 31. Qg3 h6 32. Qg4 Qf6 33. Qh5 Rxe5 34. dxe5 Qxe5 35. Qg4 Qe3+ 36. Kh2 Qf4+ 37. Qxf4 gxf4 38. g3 fxg3+ 39. Kxg3 Re8 40. Kf4 Kf7 41. Rd2 Kf6 42. b4 a6 43. a4 h5 44. h4 Re5 45. Kg3 Kf5 46. Rd3 g6 47. Kf2 b6 48. Rc3 Re6 49. Rd3 Rd6 0-1

[Event "Alta ASK CC-ch"]
[Site "Alta"]
[Date "2006.02.21"]
[Round "6"]
[White "Arild, Steinar"]
[Black "Hardersen, Steinar"]
[Result "1/2-1/2"]
[WhiteElo "1176"]
[BlackElo "1474"]
[PlyCount "130"]
[EventDate "2006.01.17"]
[EventType "swiss"]
[EventRounds "10"]
[EventCountry "NOR"]
[SourceTitle "EXT 2008"]
[Source "ChessBase"]
[SourceDate "2007.11.25"]
[SourceVersion "1"]
[SourceVersionDate "2007.11.25"]
[SourceQuality "1"]

1. e4 c5 2. Bc4 Nc6 3. Nf3 d6 4. d3 Nf6 5. h3 g6 6. Ng5 e6 7. Be3 Qb6 8. Bb3 Bg7 9. Nc3 0-0 10. 0-0 a6 11. Nf3 Qc7 12. Re1 b5 13. Bf4 b4 14. Na4 Nh5 15. Bh2 e5 16. Bd5 Ra7 17. a3 Bd7 18. c3 bxa3 19. Rxa3 Kh8 20. Ng5 Be8 21. Qb3 h6 22. Nf3 Nf6 23. Bxc6 Bxc6 24. c4 Rb8 25. Qc2 Nd7 26. Nc3 Rb4 27. Rea1 Nb8 28. Nd1 Qb7 29. Nd2 h5 30. b3 Bd7 31. Rb1 Nc6 32. Nf3 f5 33. exf5 Bxf5 34. Ne3 Be6 35. Ng5 Nd4 36. Qd1 Bg8 37. Nf3 Bh6 38. Nxd4 cxd4 39. Nc2 Rb6 40. Qe2 Bg7 41. f3 Qc8 42. Qe4 d5 43. Qe1 dxc4 44. bxc4 Rxb1 45. Qxb1 Rb7 46. Qe1 Qb8 47. Ra1 Qd6 48. Rb1 Rxb1 49. Qxb1 Be6 50. Qe1 Bf5 51. Qe2 Bf6 52. g4 hxg4 53. hxg4 Bd7 54. Bg3 a5 55. Qh2+ Kg7 56. g5 Kg8 57. gxf6 Qxf6 58. Bxe5 Qg5+ 59. Qg3 Qc1+ 60. Ne1 Qe3+ 61. Kf1 Bh3+ 62. Ng2 Qxd3+ 63. Kg1 Bf5 64. Qh4 Qxc4 65. Qh8+ Kf7 1/2-1/2

[Event "Alta Hostturnering"]
[Site "Alta"]
[Date "2005.11.01"]
[Round "9"]
[White "Arild, Steinar"]
[Black "Romsdal, Jorn"]
[Result "0-1"]
[WhiteElo "1176"]
[BlackElo "1286"]
[PlyCount "66"]
[EventDate "2005.09.06"]
[EventType "swiss"]
[EventRounds "10"]
[EventCountry "NOR"]
[SourceTitle "EXT 2009"]
[Source "ChessBase"]
[SourceDate "2008.11.26"]
[SourceVersion "1"]
[SourceVersionDate "2008.11.26"]
[SourceQuality "1"]

1. e4 e5 2. Nf3 Nf6 3. Nc3 Nc6 4. Bc4 Bb4 5. Nd5 Bc5 6. d3 h6 7. h3 d6 8. a3 Nxd5 9. Bxd5 Be6 10. Bxc6+ bxc6 11. b4 Bb6 12. 0-0 a5 13. Qd2 Qf6 14. Qe2 axb4 15. a4 0-0 16. Bd2 c5 17. Rfb1 Bd7 18. c3 bxc3 19. Bxc3 Rxa4 20. Qb2 Rxa1 21. Rxa1 Be6 22. Nxe5 dxe5 23. Bxe5 Qg6 24. g4 f5 25. exf5 Bxf5 26. Kh2 Bxd3 27. Re1 c4 28. f4 Re8 29. Kg3 Ba5 30. Re3 c5 31. Qa2 Bc3 32. f5 Bxe5+ 33. Rxe5 Qd6 0-1